The specificity and action of animal, bacterial and plants toxins / (Record no. 33493)

MARC details
000 -LEADER
fixed length control field 00722nam a22002057a 4500
005 - DATE AND TIME OF LATEST TRANSACTION
control field 20150124123832.0
008 - FIXED-LENGTH DATA ELEMENTS--GENERAL INFORMATION
fixed length control field 121008t nyu||||| |||| 00| 0 eng d
020 ## - INTERNATIONAL STANDARD BOOK NUMBER
International Standard Book Number 0412097303
050 04 - LIBRARY OF CONGRESS CALL NUMBER
Classification number QP631
Item number S64 1977
245 04 - TITLE STATEMENT
Title The specificity and action of animal, bacterial and plants toxins /
Statement of responsibility, etc Editor P. Cuatrecasas
250 ## - EDITION STATEMENT
Edition statement 1a ed.
260 ## - PUBLICATION, DISTRIBUTION, ETC. (IMPRINT)
Place of publication, distribution, etc New York :
Name of publisher, distributor, etc Chapman and Hall,
Date of publication, distribution, etc 1977
300 ## - PHYSICAL DESCRIPTION
Extent ix, 345 p. :
Other physical details il. ;
Dimensions 24 cm.
490 0# - SERIES STATEMENT
Series statement Receptors and recognition ; serie B;
Volume number/sequential designation 1
504 ## - BIBLIOGRAPHY, ETC. NOTE
Bibliography, etc Incluye bibliografía e índice
650 #7 - SUBJECT ADDED ENTRY--TOPICAL TERM
Source of heading or term Lemb
Topical term or geographic name as entry element Toxinas bacterianas
General subdivision Efectos fisiológicos
650 #7 - SUBJECT ADDED ENTRY--TOPICAL TERM
Source of heading or term Lemb
Topical term or geographic name as entry element Toxinas bacterianas
General subdivision Especificidad y acción
700 1# - ADDED ENTRY--PERSONAL NAME
Personal name Cuatrecasas Pedro,
Relator term ed.
942 ## - ADDED ENTRY ELEMENTS (KOHA)
Source of classification or shelving scheme Biblioteca del Cogreso de los Estados Unidos
Koha item type Libro
Holdings
Estado de pérdida Fuente de clasificación Estado del daño No para préstamo Ubicación permanente Ubicación actual Apartado o colección Fecha de adquisición Fuente de adquisición Área del conocimiento Clasificación Código de Barras Date last seen Número de copia Tipo de recurso
  Biblioteca del Cogreso de los Estados Unidos     Biblioteca del Instituto de Investigaciones Químico-Biológicas Biblioteca del Instituto de Investigaciones Químico-Biológicas General 08/10/2012     QP631 S64 1977 IIQB000000026 08/10/2012 1 Libro